000 00360nam a2200145Ia 4500
008 220920s9999 xx 000 0 und d
020 _a9789381991442
082 _bDAT
100 _aDATT, J. RAM
245 0 _aWHAT ARE HUMAN RIGHTS FACTS AND ACTS
260 _bSWASTIK PUBLICATIONS, DELHI
_c2013
300 _a240
650 _aHuman Rights
942 _cBK
999 _c170707
_d170707